header

New visions of community in contemporary American fiction (Record no. 34362)

MARC details
000 -LEADER
fixed length control field 01786nam a2200433 a 4500
082 04 - DEWEY DECIMAL CLASSIFICATION NUMBER
Classification number 813/.54099287
100 1# - MAIN ENTRY--AUTHOR NAME
Personal name Michael, Magali Cornier.
245 10 - TITLE STATEMENT
Title New visions of community in contemporary American fiction
260 ## - PUBLICATION, DISTRIBUTION, ETC. (IMPRINT)
Place of publication Iowa City :
Name of publisher University of Iowa Press,
Year of publication c2006.
300 ## - PHYSICAL DESCRIPTION
Number of Pages viii, 246 p.
650 #0 - SUBJECT ADDED ENTRY--TOPICAL TERM
Topical Term American fiction
Topical Term American fiction
Topical Term Women and literature
Topical Term American fiction
Topical Term Ethnicity in literature.
Topical Term Communities in literature.
856 40 - ELECTRONIC LOCATION AND ACCESS
Uniform Resource Identifier http://site.ebrary.com/lib/rucke/Doc?id=10354411

No items available.

© 2026 Rongo University
Contact us: librarian | system librarian | Rongo university